00267nam a2200109Ia 4500008004100000245005200041260002200093440000600115521001200121942000700133999001700140140130s9999 xx 000 0 und d cBridwell, NormanaClifford's Happy Mother's Day bScholastic,c1986 v1 aGrade 1 cBK c39980d39980